| 000 | 00653nam a2200193 a 4500 | ||
|---|---|---|---|
| 005 | 20251205063954.0 | ||
| 008 | 991125s1973 fr 000 0 fre u | ||
| 035 | _aUPN01000015343 | ||
| 049 | _aC | ||
| 050 | 4 |
_aLB15 _bH6.3 |
|
| 100 | 1 | _aHotyat, Fernand | |
| 245 | 1 | 0 |
_aDictionare encyclopédique de pédagogie moderne : _bá l'usage des enseignements, des éducateurs et des parents / _cF. Hotyat, D. Delepine-Messe ; colab. Ch. Touyarot. |
| 260 |
_aParís : _bF. Nathan, _c1973. |
||
| 300 | _a340 p. | ||
| 650 | 4 |
_aEnseñanza _vDiccionarios _918028 |
|
| 700 | 1 |
_aDelepine-Messe, D., _ecoaut. |
|
| 700 | 1 |
_aTouyarot, Charles, _ecolab. |
|
| 905 | _aLibro | ||
| 999 |
_c15343 _d15343 |
||